000
00214 a2200097 4500
001
39759
100
_a
Yahya S.M
245
_a
Turbomachines
260
_a
New Delhi
_b
Satya Parkashan
_c
1993
090
_c
24771
_d
24771
942
_a
NUST-CAE
_c
M
_c
16415
999
_c
274832
_d
274832